[Event "Casablanca Mohammed op 4th"]
[Site "Casablanca"]
[Date "2023.08.15"]
[Round "3"]
[White "Pultinevicius, Paulius"]
[Black "Lu, Maximillian"]
[Result "1-0"]
[WhiteElo "2525"]
[BlackElo "2396"]
[PlyCount "80"]
[EventDate "2023.08.14"]
[EventType "swiss"]
[EventRounds "9"]
[EventCountry "MAR"]
[SourceTitle "CBM 215 Extra"]
[Source "ChessBase"]
[SourceDate "2023.09.30"]
[SourceVersion "1"]
[SourceVersionDate "2023.09.30"]
[SourceQuality "1"]

1. d4 Nf6 2. c4 g6 3. Nc3 d5 4. Nf3 Bg7 5. Qb3 dxc4 6. Qxc4 0-0 7. e4 a6 8. e5 b5 9. Qb3 Nfd7 10. e6 fxe6 11. Qxe6+ Kh8 12. Qe4 Nb6 13. Be3 b4 14. Ne2 Nd5 15. Ng3 Nc6 16. Rc1 Rxf3 17. gxf3 Bb7 18. Rc5 Nf6 19. Qh4 e5 20. dxe5 Nd7 21. Qxd8+ Rxd8 22. Rc1 Ncxe5 23. Rxc7 Bxf3 24. Be2 Bxh1 25. Nxh1 Nf6 26. Bd2 a5 27. Ng3 Nd5 28. Rc5 Nb6 29. b3 Rd5 30. Rc2 Kg8 31. Be3 Nbd7 32. Ne4 Kf8 33. Ng5 Nd3+ 34. Kf1 Bc3 35. Ne4 N3e5 36. Nxc3 bxc3 37. Rxc3 Ke7 38. Rc8 Nf6 39. Ra8 Ne4 40. Ra7+ Kf6 1-0

[Event "Las Vegas 1000 GM op"]
[Site "Las Vegas"]
[Date "2023.06.12"]
[Round "8"]
[White "Stearman, Josiah P"]
[Black "Lu, Maximillian"]
[Result "1-0"]
[WhiteElo "2421"]
[BlackElo "2412"]
[PlyCount "119"]
[EventDate "2023.06.08"]
[EventType "swiss"]
[EventRounds "9"]
[EventCountry "USA"]
[SourceTitle "CBM 214 Extra"]
[Source "ChessBase"]
[SourceDate "2023.07.31"]
[SourceVersion "1"]
[SourceVersionDate "2023.07.31"]
[SourceQuality "1"]

1. e4 c6 2. d4 d5 3. e5 c5 4. Nf3 cxd4 5. Qxd4 Nc6 6. Qf4 e6 7. Nc3 Nb4 8. Qd2 Ne7 9. h4 f6 10. Nb5 Nec6 11. a3 Na6 12. Qf4 Be7 13. exf6 Bxf6 14. Nd6+ Ke7 15. Nxc8+ Rxc8 16. Bxa6 Qa5+ 17. Bd2 Qxa6 18. 0-0-0 Qb6 19. c3 Na5 20. Be3 Qb3 21. Qb4+ Kd7 22. Qxb3 Nxb3+ 23. Kc2 Nc5 24. h5 Rhf8 25. Nh2 Ne4 26. Ng4 a5 27. Rhe1 Nd6 28. h6 b5 29. hxg7 Bxg7 30. Rh1 Rc4 31. Bd4 Rf4 32. Bxg7 Rxg4 33. Rxh7 Rc7 34. Be5+ Kc6 35. Rxc7+ Kxc7 36. g3 Kc6 37. Rh1 Nc4 38. Bf4 Rg6 39. b3 Nxa3+ 40. Kd3 b4 41. cxb4 axb4 42. Rc1+ Kb6 43. Be3+ Kb7 44. Kd4 Nb5+ 45. Ke5 Nc3 46. Rh1 Ne4 47. Rh7+ Kc6 48. Re7 Nc5 49. Bxc5 Kxc5 50. Rc7+ Kb6 51. Rc1 Kb5 52. Rg1 Kc6 53. g4 Kd7 54. g5 Ke7 55. f4 Rg8 56. Ra1 Kf7 57. Ra7+ Kg6 58. Re7 Kh5 59. Rxe6 Kg4 60. Rf6 1-0

[Event "Las Vegas 1000 GM op"]
[Site "Las Vegas"]
[Date "2023.06.08"]
[Round "1"]
[White "Lu, Maximillian"]
[Black "Wang, Jeffery"]
[Result "1-0"]
[WhiteElo "2412"]
[BlackElo "2165"]
[PlyCount "91"]
[EventDate "2023.06.08"]
[EventType "swiss"]
[EventRounds "9"]
[EventCountry "USA"]
[SourceTitle "CBM 214 Extra"]
[Source "ChessBase"]
[SourceDate "2023.07.31"]
[SourceVersion "1"]
[SourceVersionDate "2023.07.31"]
[SourceQuality "1"]

1. d4 Nf6 2. Nf3 g6 3. c4 Bg7 4. Nc3 d5 5. cxd5 Nxd5 6. e4 Nxc3 7. bxc3 c5 8. Be2 Nc6 9. d5 Ne5 10. Nxe5 Bxe5 11. Bd2 e6 12. c4 Qh4 13. Bd3 f5 14. g3 Qf6 15. Rb1 exd5 16. exf5 0-0 17. 0-0 Bxf5 18. Bxf5 Qxf5 19. Bh6 Rf7 20. Qxd5 Bg7 21. Qxf5 gxf5 22. Bf4 Rd8 23. a4 Rd4 24. Rfc1 Rd3 25. Rd1 Rxd1+ 26. Rxd1 Bd4 27. Re1 Rf6 28. a5 Kf7 29. Rb1 b6 30. axb6 axb6 31. Bc7 Re6 32. Kf1 Bc3 33. Bxb6 Bb4 34. Bc7 Re4 35. Rc1 Ke6 36. Bf4 h5 37. h4 Kf7 38. Be3 Ke7 39. Ke2 Kf6 40. Kd3 Re6 41. Ra1 Rd6+ 42. Kc2 Rc6 43. Ra8 Kg7 44. Kd3 Rd6+ 45. Ke2 Rc6 46. Rd8 1-0

[Event "Pan American-ch U20"]
[Site "Pereira"]
[Date "2022.08.26"]
[Round "7"]
[White "Flores Quillas, Diego Saul Rodrigo"]
[Black "Lu, Maximillian"]
[Result "1-0"]
[WhiteElo "2200"]
[BlackElo "2442"]
[PlyCount "133"]
[EventDate "2022.08.23"]
[EventType "swiss"]
[EventRounds "9"]
[EventCountry "COL"]
[SourceTitle "CBM 210 Extra"]
[Source "ChessBase"]
[SourceDate "2022.11.30"]
[SourceVersion "1"]
[SourceVersionDate "2022.11.30"]
[SourceQuality "1"]

1. e4 c5 2. Nf3 d6 3. d4 cxd4 4. Nxd4 Nf6 5. f3 a6 6. c4 e6 7. Nc3 Be7 8. Be3 0-0 9. Be2 b6 10. Qd2 Bb7 11. 0-0 Nbd7 12. a4 Rc8 13. a5 Ne5 14. axb6 Nfd7 15. b3 Nxb6 16. Rfc1 Re8 17. Nc2 Ned7 18. Bf1 Bf6 19. Bd4 Bg5 20. Be3 Bf6 21. Bd4 Bg5 22. Be3 Be7 23. Bd4 h5 24. Qf2 Bh4 25. g3 Bf6 26. Rd1 d5 27. exd5 exd5 28. Nxd5 Nxd5 29. cxd5 Qc7 30. Nb4 Bxd4 31. Qxd4 Ne5 32. Be2 a5 33. Nd3 Nxd3 34. Bxd3 Red8 35. Bc4 Rd6 36. Qd2 h4 37. Qxa5 Qe7 38. Qe1 Qxe1+ 39. Rxe1 Bxd5 40. Rad1 Rcd8 41. Rxd5 Rxd5 42. Bxd5 Rxd5 43. Rb1 Kf8 44. b4 Ke7 45. Kg2 hxg3 46. hxg3 Rd3 47. f4 Kd6 48. Kh3 Kc6 49. Kg4 Rd4 50. b5+ Kb6 51. Rh1 g6 52. Rh7 Rd7 53. Kg5 Kxb5 54. Kf6 Rd3 55. Rh3 Rd7 56. g4 Rd4 57. Rf3 Rd7 58. g5 Kc5 59. Re3 Rd4 60. Kxf7 Rxf4+ 61. Kxg6 Kd6 62. Kg7 Rf1 63. g6 Kd7 64. Kg8 Rg1 65. g7 Rg4 66. Rh3 Ke7 67. Kh7 1-0

[Event "Pan American-ch U20"]
[Site "Pereira"]
[Date "2022.08.23"]
[Round "2"]
[White "Esmeraldas Huachi, Anderson Yahir"]
[Black "Lu, Maximillian"]
[Result "1/2-1/2"]
[WhiteElo "2081"]
[BlackElo "2442"]
[PlyCount "199"]
[EventDate "2022.08.23"]
[EventType "swiss"]
[EventRounds "9"]
[EventCountry "COL"]
[SourceTitle "CBM 210 Extra"]
[Source "ChessBase"]
[SourceDate "2022.11.30"]
[SourceVersion "1"]
[SourceVersionDate "2022.11.30"]
[SourceQuality "1"]

1. d4 Nf6 2. c4 d6 3. Nc3 e5 4. dxe5 dxe5 5. Qxd8+ Kxd8 6. Bg5 Be6 7. 0-0-0+ Nbd7 8. e4 Kc8 9. f3 Nb6 10. b3 Nfd7 11. Be3 c6 12. g3 Bc5 13. Bxc5 Nxc5 14. Bh3 Bxh3 15. Nxh3 h5 16. f4 Re8 17. f5 f6 18. Nf2 Kc7 19. g4 hxg4 20. Rhg1 Rad8 21. Rxg4 Rxd1+ 22. Kxd1 Re7 23. Kc2 a5 24. h4 Kd8 25. h5 Ncd7 26. Nd3 Ke8 27. c5 Na8 28. a3 Nc7 29. b4 axb4 30. axb4 Kf7 31. Na4 Nb5 32. Nb6 Nf8 33. Nb2 Re8 34. N2c4 Rd8 35. Na5 Rb8 36. Kc1 Nh7 37. Kd2 Ng5 38. Ke3 Kg8 39. Nbc4 Nf7 40. Rg2 Nd4 41. Nb6 Kh7 42. Nac4 Rd8 43. Na5 Rb8 44. Ra2 Kh6 45. Nac4 Nb5 46. Na3 Nd4 47. Nc2 Rd8 48. Na3 Ng5 49. Nac4 Nb5 50. Ra8 Rxa8 51. Nxa8 Nf7 52. Nab6 Kxh5 53. Nd7 Nd4 54. Kd3 Kg4 55. Nf8 Ng5 56. Nd6 Kf3 57. Ng6 Nh3 58. Nh4+ Kg3 59. Ng6 Kf3 60. Nh4+ Kg3 61. Ng6 Nf2+ 62. Kc4 Kf3 63. Nxb7 Nxe4 64. Nd6 Nd2+ 65. Kd3 Nf1 66. Ne7 Ng3 67. Kc4 Ne4 68. Nxe4 Kxe4 69. Nxc6 Nxc6 70. b5 Na5+ 71. Kb4 Kd5 72. Kxa5 e4 73. c6 e3 74. c7 e2 75. c8Q e1Q+ 76. Ka6 Qf1 77. Qe6+ Kc5 78. Qc6+ Kd4 79. Qd6+ Ke4 80. Qe6+ Kf4 81. Kb6 Qb1 82. Kc6 Qc2+ 83. Kb7 g5 84. fxg6 Qxg6 85. b6 Qh7+ 86. Kc6 Qc2+ 87. Kd6 Qb2 88. Kc7 f5 89. b7 Qg7+ 90. Qd7 Qc3+ 91. Qc6 Qg7+ 92. Kb6 Qb2+ 93. Ka7 Qa1+ 94. Qa6 Qd4+ 95. Ka8 Qd5 96. Qa4+ Kg3 97. Ka7 Qc5+ 98. Kb8 f4 99. Qd7 f3 100. Qc7+ 1/2-1/2

[Event "Barcelona GM 8th"]
[Site "Barcelona"]
[Date "2022.08.01"]
[Round "2"]
[White "Lu, Maximillian"]
[Black "Aarav, Dengla"]
[Result "1/2-1/2"]
[WhiteElo "2398"]
[BlackElo "2309"]
[PlyCount "142"]
[EventDate "2022.07.31"]
[EventType "tourn"]
[EventRounds "9"]
[EventCountry "ESP"]
[EventCategory "6"]
[SourceTitle "CBM 209 Extra"]
[Source "ChessBase"]
[SourceDate "2022.09.30"]
[SourceVersion "1"]
[SourceVersionDate "2022.09.30"]
[SourceQuality "1"]

1. Nf3 d5 2. g3 Nf6 3. Bg2 e6 4. c4 Bd6 5. d4 0-0 6. 0-0 b6 7. cxd5 exd5 8. Nc3 Bb7 9. Qb3 h6 10. Rd1 Qe7 11. Nh4 Qe6 12. Qc2 Nc6 13. a3 Ne7 14. Nb5 Ba6 15. Nxd6 cxd6 16. Qa4 Bb7 17. Bf3 Rfc8 18. Ng2 Rc4 19. Qb3 Rac8 20. Ne3 R4c7 21. Bd2 Nf5 22. Nxf5 Qxf5 23. a4 Ba6 24. a5 Rb7 25. Rdc1 bxa5 26. Rxc8+ Qxc8 27. Qc3 Qxc3 28. Bxc3 Bc4 29. Rxa5 Kf8 30. e3 Ne4 31. Kg2 Ke7 32. Bg4 a6 33. Bf3 Nxc3 34. bxc3 Ke6 35. Bg4+ f5 36. Bh3 Rb3 37. g4 g6 38. gxf5+ gxf5 39. Kg3 Rxc3 40. Kf4 Bd3 41. Bg2 Be4 42. Bh3 Bd3 43. Bg2 Bb5 44. Bh3 Bd3 45. f3 Rc2 46. e4 dxe4 47. Bxf5+ Ke7 48. Bxe4 Bxe4 49. fxe4 Rxh2 50. Rxa6 Rh4+ 51. Kf5 Rh5+ 52. Kf4 Rh4+ 53. Kf5 Rh5+ 54. Kg4 Rh1 55. d5 Rf1 56. Kg3 h5 57. Ra7+ Kf6 58. Rd7 Ke5 59. Re7+ Kd4 60. Re6 h4+ 61. Kxh4 Rf4+ 62. Kg5 Rxe4 63. Kf5 Rh4 64. Rxd6 Kc5 65. Rd8 Rh5+ 66. Ke6 Rh6+ 67. Ke7 Rh7+ 68. Ke6 Rh6+ 69. Kf7 Rd6 70. Ke7 Rxd5 71. Rxd5+ Kxd5 1/2-1/2